| 000 | 00484nam a2200193Ia 4500 | ||
|---|---|---|---|
| 003 | OSt | ||
| 005 | 20230510100701.0 | ||
| 008 | 210423s1999 xx 000 0 und d | ||
| 040 | _cAL | ||
| 041 | _aeng | ||
| 082 |
_a658 _223 _bMOJB |
||
| 100 |
_aMOJRATH (E H). _9101879 |
||
| 245 | _aBasic manaerial skills for all. | ||
| 260 |
_aNew Delhi _bPHI Learning Pvt Ltd _c1999 |
||
| 300 | _bPB | ||
| 365 |
_b125 _cINR |
||
| 906 | _aall. ; Basic ; manaerial ; skills | ||
| 942 |
_2ddc _cBK |
||
| 999 |
_c171753 _d171753 |
||